[Event "GoAudit Open 2021"]
[Site "Copenhagen"]
[Date "2021.11.14"]
[Round "6"]
[White "Thorsbro, Peter"]
[Black "Nielsen, Viktor Haarmark"]
[Result "0-1"]
[WhiteElo "2179"]
[BlackElo "2263"]
[PlyCount "98"]
[EventDate "2021.11.12"]
[EventType "swiss"]
[EventRounds "7"]
[EventCountry "DEN"]

1. d4 Nf6 2. g3 b5 3. Bg2 d5 4. Nf3 e6 5. O-O Bb7 6. Qd3 a6 7. a4 b4 8. c4 c5
9. Bg5 Nbd7 10. cxd5 Bxd5 11. Nbd2 cxd4 12. Qxd4 h6 13. Qh4 Rg8 14. Be3 g5 15.
Qd4 Bc5 16. Qd3 g4 17. Ne1 Ne5 18. Qc2 Bxe3 19. fxe3 Rc8 20. Qd1 Ke7 21. Rf4
Qb6 22. Nf1 Bxg2 23. Nxg2 Nd5 24. Re4 f6 25. Qb3 Rgd8 26. Nf4 a5 27. Rd1 Qc5
28. Rd2 Nxf4 29. gxf4 Rxd2 30. Nxd2 Qc1+ 31. Nf1 Qb1 32. Rxb4 Rc1 33. Rb7+ Nd7
34. Kg2 Rxf1 35. Rxd7+ Kxd7 36. Qb5+ Ke7 37. Qc5+ Kf7 38. Qh5+ Kg7 39. Qxg4+
Kh7 40. Qxe6 Rg1+ 41. Kf3 Qf1+ 42. Ke4 Qg2+ 43. Kd4 Qb7 44. e4 Qb4+ 45. Kd3
Rd1+ 46. Ke3 Qc5+ 47. Kf3 Rf1+ 48. Kg2 Qf2+ 49. Kh3 Qe3+ 0-1

[Event "GoAudit Open 2021"]
[Site "Copenhagen"]
[Date "2021.11.14"]
[Round "6"]
[White "Brorsen, Jacob Abildlund"]
[Black "Laursen, Niels Norskov"]
[Result "1-0"]
[WhiteElo "2147"]
[BlackElo "2214"]
[PlyCount "93"]
[EventDate "2021.11.12"]
[EventType "swiss"]
[EventRounds "7"]
[EventCountry "DEN"]

1. d4 g6 2. c4 Bg7 3. Nc3 c5 4. d5 d6 5. e4 e6 6. Nf3 exd5 7. cxd5 a6 8. a4 Bg4
9. Be2 Bxf3 10. gxf3 Nf6 11. h4 Qe7 12. Bg5 Nbd7 13. Kf1 h6 14. Be3 Nh5 15. Qd2
g5 16. Rg1 Bf6 17. hxg5 hxg5 18. Rd1 O-O-O 19. Bxg5 Rdg8 20. f4 Bxg5 21. fxg5
Ne5 22. Qe3 Kb8 23. Rb1 f6 24. b4 c4 25. a5 Rxg5 26. b5 Rxg1+ 27. Kxg1 Qg7+ 28.
Kf1 Nf4 29. Bf3 Qg4 30. bxa6 Qh3+ 31. Ke1 Nxf3+ 32. Kd1 Qf1+ 33. Kc2 Qd3+ 34.
Kb2 Qxe3 35. fxe3 Nd3+ 36. Ka3 Rh7 37. Rb6 Nd2 38. Rxd6 bxa6 39. Rxf6 Rb7 40.
Rb6 Rxb6 41. axb6 Kb7 42. e5 Nxe5 43. Kb4 Nd3+ 44. Ka5 Nc5 45. Na2 Nde4 46. Kb4
Nd2 47. Kxc5 1-0

[Event "GoAudit Open 2021"]
[Site "Copenhagen"]
[Date "2021.11.14"]
[Round "6"]
[White "Kistrup, Nicolai"]
[Black "Moe, Mogens"]
[Result "1-0"]
[WhiteElo "2276"]
[BlackElo "2150"]
[PlyCount "167"]
[EventDate "2021.11.12"]
[EventType "swiss"]
[EventRounds "7"]
[EventCountry "DEN"]

1. d4 Nf6 2. c4 g6 3. Nc3 d5 4. cxd5 Nxd5 5. e4 Nxc3 6. bxc3 Bg7 7. Nf3 c5 8.
Be3 O-O 9. Be2 Qa5 10. O-O Rd8 11. Qb3 b6 12. Bg5 Ba6 13. Bxa6 Nxa6 14. Bxe7
Rd7 15. Bh4 b5 16. Rab1 Rb8 17. Bg3 Rb6 18. Be5 b4 19. dxc5 Nxc5 20. cxb4 Nxb3
21. bxa5 Nxa5 22. Rxb6 axb6 23. Bxg7 Kxg7 24. Rb1 Nc4 25. Kf1 Nd2+ 26. Nxd2
Rxd2 27. Rxb6 Rxa2 28. Rb5 h5 29. h4 Rc2 30. f3 Ra2 31. Kg1 Rc2 32. Kh2 Ra2 33.
Kg3 Rc2 34. Rg5 Ra2 35. Rb5 Rc2 36. Rb6 Re2 37. Rb7 Ra2 38. e5 Kg8 39. Rb4 Kg7
40. Re4 Rb2 41. Re3 Ra2 42. Kh3 Ra1 43. Re2 Ra4 44. Kg3 Rb4 45. Re3 Rb2 46. Rd3
Ra2 47. f4 Rb2 48. Kf3 Ra2 49. g3 Ra4 50. Ke3 Rb4 51. Rd7 Kf8 52. Rd6 Kg7 53.
Rd3 Ra4 54. Kf3 Rb4 55. Ke2 Ra4 56. Kf3 Rb4 57. Re3 Ra4 58. g4 hxg4+ 59. Kxg4
Ra1 60. Rg3 Rf1 61. Kg5 Rf2 62. Rg4 Rf1 63. h5 gxh5 64. Kxh5+ Kf8 65. Kg5 Ke7
66. Kf5 Rf2 67. Rh4 Ra2 68. Rh3 Ra4 69. Rb3 Ra7 70. Rb6 Rc7 71. Kg5 Rc1 72.
Rb7+ Kf8 73. f5 Rc6 74. Rb8+ Kg7 75. f6+ Kh7 76. Rf8 Rc7 77. Re8 Rc1 78. e6
Rg1+ 79. Kf5 Rf1+ 80. Ke5 Re1+ 81. Kd6 Kg6 82. exf7 Rd1+ 83. Ke7 Re1+ 84. Kf8
1-0

[Event "GoAudit Open 2021"]
[Site "Copenhagen"]
[Date "2021.11.14"]
[Round "6"]
[White "Akdag, Dara Sevkan"]
[Black "Sorensen, Reto Utiger"]
[Result "1-0"]
[WhiteElo "2155"]
[BlackElo "1985"]
[PlyCount "91"]
[EventDate "2021.11.12"]
[EventType "swiss"]
[EventRounds "7"]
[EventCountry "DEN"]

1. f4 d5 2. Nf3 g6 3. g3 c5 4. Bg2 Bg7 5. O-O Nf6 6. d3 O-O 7. c3 Nc6 8. Na3 d4
9. Bd2 Bg4 10. h3 Bxf3 11. Rxf3 e5 12. e4 dxe3 13. Bxe3 exf4 14. Bxc5 Ne5 15.
Rxf4 Re8 16. Bd4 Nh5 17. Rf2 Nxg3 18. Bxe5 Rxe5 19. Qf3 Nf5 20. Nc4 Re7 21. Re2
Rb8 22. Rxe7 Qxe7 23. Qf2 b5 24. Re1 Qd7 25. Ne3 Nxe3 26. Qxe3 b4 27. d4 bxc3
28. bxc3 Rc8 29. Rd1 Qa4 30. Bf3 Qxa2 31. Be2 Qb3 32. Rd3 Qd5 33. Qd2 a5 34.
Bf3 Qd6 35. Kg2 a4 36. Qa2 Qa6 37. Re3 Bf6 38. Bd5 Qa7 39. Rf3 Kg7 40. Qf2 Qb6
41. Qa2 Rc7 42. Qa3 Qa6 43. Re3 Bg5 44. Re8 Bf4 45. Qf8+ Kf6 46. Re6+ 1-0

[Event "GoAudit Open 2021"]
[Site "Copenhagen"]
[Date "2021.11.14"]
[Round "6"]
[White "Jarlskov, Daniel Tuk Hartso"]
[Black "Andersen, Soren Mikkel"]
[Result "1/2-1/2"]
[WhiteElo "2042"]
[BlackElo "2127"]
[PlyCount "41"]
[EventDate "2021.11.12"]
[EventType "swiss"]
[EventRounds "7"]
[EventCountry "DEN"]

1. c4 c6 2. Nc3 d5 3. d4 Nf6 4. Nf3 e6 5. Bg5 dxc4 6. e4 b5 7. e5 h6 8. Bh4 g5
9. Nxg5 hxg5 10. Bxg5 Be7 11. exf6 Bxf6 12. Bxf6 Qxf6 13. g3 Na6 14. Bg2 Bb7
15. Nxb5 O-O-O 16. Qa4 cxb5 17. Bxb7+ Kxb7 18. Qxb5+ Ka8 19. Qc6+ Kb8 20. Qb5+
Ka8 21. Qc6+ 1/2-1/2

[Event "GoAudit Open 2021"]
[Site "Copenhagen"]
[Date "2021.11.14"]
[Round "7"]
[White "Boe Olsen, Filip"]
[Black "Hector, Jonny"]
[Result "1-0"]
[WhiteElo "2366"]
[BlackElo "2447"]
[PlyCount "183"]
[EventDate "2021.11.12"]
[EventType "swiss"]
[EventRounds "7"]
[EventCountry "DEN"]

1. d4 d5 2. Nf3 Nf6 3. Bf4 c5 4. e3 Nc6 5. Nbd2 cxd4 6. exd4 Bf5 7. Bb5 Rc8 8.
Ne5 Qb6 9. Bxc6+ bxc6 10. Nb3 h5 11. O-O Ne4 12. Rc1 g5 13. Be3 f6 14. Nd3 Nd6
15. Nbc5 Kf7 16. b3 Qd8 17. Qe2 Bg7 18. Bd2 e6 19. Rfe1 Qe7 20. Bb4 Rce8 21.
Ba5 e5 22. Nb4 Nb7 23. Nxc6 Qd6 24. Nxe5+ fxe5 25. Nxb7 Qc6 26. Qb5 Qxb5 27.
Nd6+ Kg6 28. Nxb5 exd4 29. Red1 g4 30. Nxd4 Be4 31. Nb5 Bb2 32. Bc3 Bxc1 33.
Bxh8 Bg5 34. Bc3 Rc8 35. Be1 Rxc2 36. Nc3 Bf6 37. Nxe4 dxe4 38. a4 h4 39. h3
gxh3 40. gxh3 Bc3 41. Bxc3 Rxc3 42. b4 Rxh3 43. Rd7 Rb3 44. b5 Rb1+ 45. Kg2 Rb2
46. Kh3 Rxf2 47. Kxh4 Rb2 48. Kg4 Kf6 49. Kf4 Ke6 50. Rxa7 Kd5 51. Rd7+ Kc5 52.
Re7 Kb4 53. Ra7 Kc5 54. Kxe4 Rb4+ 55. Ke5 Kb6 56. Ra6+ Kb7 57. Kd5 Rh4 58. Kc5
Rg4 59. Rh6 Rxa4 60. Rh7+ Kc8 61. Kb6 Rb4 62. Rh8+ Kd7 63. Rh7+ Kc8 64. Rc7+
Kb8 65. Rg7 Kc8 66. Rc7+ Kb8 67. Rg7 Kc8 68. Rg8+ Kd7 69. Ka6 Kc7 70. Rg7+ Kb8
71. Rb7+ Ka8 72. Rf7 Kb8 73. Rf5 Rb1 74. Kb6 Kc8 75. Rc5+ Kb8 76. Rg5 Kc8 77.
Rg8+ Kd7 78. Rb8 Rb2 79. Ka7 Kc7 80. b6+ Kd7 81. Rh8 Ra2+ 82. Kb8 Rb2 83. b7
Rc2 84. Rc8 Rb2 85. Rc4 Rb1 86. Rc2 Rh1 87. Ra2 Rb1 88. Ka7 Kc7 89. Rc2+ Kd7
90. b8=Q Ra1+ 91. Kb7 Rb1+ 92. Ka8 1-0

[Event "GoAudit Open 2021"]
[Site "Copenhagen"]
[Date "2021.11.14"]
[Round "7"]
[White "Boe, Mads"]
[Black "Brorsen, Jacob Abildlund"]
[Result "1/2-1/2"]
[WhiteElo "2243"]
[BlackElo "2147"]
[PlyCount "148"]
[EventDate "2021.11.12"]
[EventType "swiss"]
[EventRounds "7"]
[EventCountry "DEN"]

1. d4 d5 2. c4 c6 3. cxd5 cxd5 4. Nc3 Nf6 5. Bf4 Nc6 6. Nf3 Qb6 7. Na4 Qa5+ 8.
Bd2 Qc7 9. Rc1 Qd6 10. e3 g6 11. Bb5 Bd7 12. Nc5 Rb8 13. Qa4 a6 14. Nxd7 axb5
15. Nxf6+ exf6 16. Qxb5 Qe6 17. O-O Bd6 18. Ne1 O-O 19. Nd3 Rfe8 20. Bb4 Bc7
21. Ba3 Qf5 22. Nb4 Rbd8 23. Qxb7 Nxb4 24. Rxc7 Rb8 25. Qa7 Ra8 26. Qb6 Nc2 27.
Bd6 Rxa2 28. Qb3 Ra6 29. Bc5 Ra1 30. Rxa1 Nxa1 31. Qd1 Nb3 32. g4 Qe4 33. Qxb3
Qxg4+ 34. Kf1 Qh3+ 35. Ke1 Qxh2 36. Rb7 Qg1+ 37. Ke2 Qg4+ 38. Kd3 Qf5+ 39. Ke2
Qg4+ 40. Kd2 Qf3 41. Kc3 Qxf2 42. Kb4 Qf5 43. Qa4 Rd8 44. Qa5 Rc8 45. Qb6 Qc2
46. b3 Qd2+ 47. Kb5 Qd3+ 48. Ka4 Qxe3 49. Qb5 g5 50. Qd7 Ra8+ 51. Ba7 Qxd4+ 52.
b4 Qa1+ 53. Kb5 Qf1+ 54. Ka5 Qa1+ 55. Kb5 Qf1+ 56. Kc6 Qc4+ 57. Bc5 d4 58. Qxd4
Qa6+ 59. Kc7 h5 60. Qd6 Qxd6+ 61. Kxd6 h4 62. Ke7 h3 63. Bd6 Ra6 64. Rb8+ Kg7
65. Rc8 Ra2 66. Rc1 Rg2 67. Kd7 g4 68. b5 h2 69. Rh1 g3 70. Bxg3 Rxg3 71. Rxh2
Rb3 72. Rg2+ Kh6 73. Ke7 Rxb5 74. Kxf6 Rb6+ 1/2-1/2

[Event "GoAudit Open 2021"]
[Site "Copenhagen"]
[Date "2021.11.14"]
[Round "7"]
[White "Haubro, Martin"]
[Black "Skytte, Rasmus"]
[Result "1/2-1/2"]
[WhiteElo "2410"]
[BlackElo "2378"]
[PlyCount "104"]
[EventDate "2021.11.12"]
[EventType "swiss"]
[EventRounds "7"]
[EventCountry "DEN"]

1. e4 g6 2. d4 Bg7 3. Nc3 d6 4. Be3 a6 5. h4 h5 6. f3 b5 7. Qd2 c6 8. Bd3 Qc7
9. Nce2 Nf6 10. a4 bxa4 11. Rxa4 O-O 12. b3 Nbd7 13. Nh3 e5 14. Ng5 d5 15. O-O
exd4 16. Bxd4 c5 17. Bf2 dxe4 18. Nxe4 Bb7 19. Nxf6+ Bxf6 20. Nc3 Nb6 21. Ne4
Bg7 22. Ra5 c4 23. Rc5 Qd7 24. Bxc4 Bxe4 25. Qxd7 Nxd7 26. fxe4 Nxc5 27. Bxc5
Rfc8 28. Rxf7 Kh8 29. Bd6 Bd4+ 30. Kf1 Re8 31. Bd5 Ra7 32. Rf3 Be5 33. Ba3 a5
34. c4 Rc7 35. Ke2 Kg7 36. Bc1 Bf6 37. g3 a4 38. bxa4 Rxc4 39. Bxc4 Rxe4+ 40.
Be3 Rxc4 41. Rf4 Rc2+ 42. Kd3 Rc3+ 43. Kd2 Ra3 44. Re4 Bc3+ 45. Kc2 Ba5 46. Kb2
Rd3 47. Bf4 Kf6 48. Rc4 Be1 49. Rc6+ Kf7 50. Rc7+ Ke6 51. Rc6+ Kf7 52. Rc7+ Ke6
1/2-1/2

[Event "GoAudit Open 2021"]
[Site "Copenhagen"]
[Date "2021.11.14"]
[Round "7"]
[White "Eriksson, Christian Altenburg"]
[Black "Kistrup, Nicolai"]
[Result "1/2-1/2"]
[WhiteElo "2135"]
[BlackElo "2276"]
[PlyCount "94"]
[EventDate "2021.11.12"]
[EventType "swiss"]
[EventRounds "7"]
[EventCountry "DEN"]

1. e4 e5 2. Nf3 Nc6 3. d4 exd4 4. Nxd4 Nf6 5. Nc3 Bb4 6. Nxc6 bxc6 7. Bd3 d5 8.
exd5 O-O 9. O-O cxd5 10. h3 c6 11. Qf3 Bd6 12. Bf4 Qc7 13. Bxd6 Qxd6 14. Qg3
Qxg3 15. fxg3 c5 16. Rxf6 gxf6 17. Nxd5 f5 18. Ne7+ Kg7 19. Nxc8 Raxc8 20. b3
Rcd8 21. Rf1 Rd5 22. Bxf5 c4 23. g4 Rfd8 24. Rf3 Rd1+ 25. Kh2 Ra1 26. Rc3 Rd4
27. a4 Rc1 28. bxc4 Rb1 29. c5 Rb7 30. a5 Rc7 31. a6 Rc6 32. Bd3 Rd5 33. Rb3
Rdxc5 34. Rb7 Rc7 35. Kg3 R5c6 36. Rb4 h6 37. h4 Kf6 38. Kf4 Rd6 39. Kf3 Rcc6
40. Ra4 Rc5 41. g3 Ke5 42. Rb4 Rc3 43. Rb7 Rxa6 44. Ke2 Ra4 45. Rxf7 Rxg4 46.
Rxa7 Rxg3 47. Ra5+ Kf4 1/2-1/2

[Event "GoAudit Open 2021"]
[Site "Copenhagen"]
[Date "2021.11.14"]
[Round "7"]
[White "Marthedal, Anton Mehmet Yildiz"]
[Black "Akdag, Dara Sevkan"]
[Result "0-1"]
[WhiteElo "1927"]
[BlackElo "2155"]
[PlyCount "60"]
[EventDate "2021.11.12"]
[EventType "swiss"]
[EventRounds "7"]
[EventCountry "DEN"]

1. d4 d5 2. Nf3 c5 3. c3 Nc6 4. g3 Bg4 5. Ne5 Nxe5 6. dxe5 Qd7 7. Bg2 e6 8. O-O
Ne7 9. b3 Nc6 10. f4 Be7 11. Bb2 O-O 12. Na3 f6 13. h3 Bh5 14. g4 Bf7 15. exf6
Bxf6 16. g5 Be7 17. c4 d4 18. e3 e5 19. h4 exf4 20. exd4 cxd4 21. Nb5 Be6 22.
Qe2 Bh3 23. Be4 Bc5 24. Kh1 Bxf1 25. Qxf1 Qg4 26. Qf2 f3 27. Bd5+ Kh8 28. Nc7
Qh3+ 29. Qh2 Qxh2+ 30. Kxh2 Bd6+ 0-1

[Event "GoAudit Open 2021"]
[Site "Copenhagen"]
[Date "2021.11.14"]
[Round "7"]
[White "Fries Nielsen, Jens Ove"]
[Black "Jarlskov, Daniel Tuk Hartso"]
[Result "1-0"]
[WhiteElo "2383"]
[BlackElo "2042"]
[PlyCount "81"]
[EventDate "2021.11.12"]
[EventType "swiss"]
[EventRounds "7"]
[EventCountry "DEN"]

1. e4 e5 2. Ne2 Nc6 3. f4 exf4 4. Nxf4 Nf6 5. Bc4 Bc5 6. b4 Bb6 7. Bb2 d6 8. d4
Bg4 9. Qd3 Qe7 10. Nd2 Nxb4 11. Qb3 Nc6 12. Nd5 Nxd5 13. Bxd5 O-O 14. Bxc6 bxc6
15. O-O c5 16. Qg3 Bh5 17. d5 f6 18. Bc3 Rab8 19. Rae1 c4+ 20. Kh1 Bc5 21. Nxc4
Bb4 22. a3 Bxc3 23. Qxc3 Be8 24. Ne3 Bg6 25. Nf5 Qd7 26. Nd4 Rfe8 27. Nc6 Rb5
28. Qd4 Rc5 29. c4 a5 30. h3 Rxc6 31. dxc6 Qxc6 32. Qd5+ Qxd5 33. exd5 Rb8 34.
Re7 Rb3 35. Rf3 Rb2 36. Rxc7 Be4 37. Rg3 g5 38. c5 dxc5 39. d6 Bf5 40. Rf3 g4
41. Rxf5 1-0

[Event "GoAudit Open 2021"]
[Site "Copenhagen"]
[Date "2021.11.14"]
[Round "7"]
[White "Moe, Mogens"]
[Black "Ostergaard, Jens"]
[Result "0-1"]
[WhiteElo "2150"]
[BlackElo "2230"]
[PlyCount "122"]
[EventDate "2021.11.12"]
[EventType "swiss"]
[EventRounds "7"]
[EventCountry "DEN"]

1. e4 c6 2. d4 d5 3. exd5 cxd5 4. c4 Nf6 5. Nc3 g6 6. Qb3 Bg7 7. cxd5 O-O 8. g3
e6 9. Bg2 exd5 10. Nge2 Nc6 11. O-O Na5 12. Qd1 Nc4 13. b3 Nb6 14. Bf4 Bf5 15.
Rc1 Qd7 16. a4 Bh3 17. Nb5 Bxg2 18. Kxg2 Ne8 19. Qd3 a6 20. Nbc3 Nc8 21. Qf3
Ne7 22. Bg5 Nc7 23. a5 f6 24. Be3 Ne6 25. Na4 Qb5 26. Bd2 Nf5 27. Nc5 Nxc5 28.
Rxc5 Qd7 29. Rxd5 Qf7 30. Rc1 Rfd8 31. Rxd8+ Rxd8 32. Rc4 Nd6 33. Rb4 Nb5 34.
Bf4 Qd5 35. Rc4 f5 36. Be3 Qxf3+ 37. Kxf3 Kf7 38. g4 fxg4+ 39. Kxg4 Rd7 40. Kg3
Na7 41. Rc5 Nb5 42. f3 Ke6 43. Nf4+ Kf7 44. d5 Bf8 45. Rc4 g5 46. Ne6 h6 47.
Nxf8 Kxf8 48. h4 Rxd5 49. hxg5 hxg5 50. Rg4 Rd3 51. Bc5+ Kf7 52. Rxg5 Rxb3 53.
Kg4 Ke6 54. Rg7 Nc3 55. f4 Nd5 56. Bb6 Nf6+ 57. Kh4 Kf5 58. Rxb7 Nd5 59. Rf7+
Ke6 60. Ra7 Nxf4 61. Rxa6 Kf5 0-1

[Event "GoAudit Open 2021"]
[Site "Copenhagen"]
[Date "2021.11.14"]
[Round "7"]
[White "Laursen, Niels Norskov"]
[Black "Iskos, Lukas"]
[Result "0-1"]
[WhiteElo "2214"]
[BlackElo "2034"]
[PlyCount "46"]
[EventDate "2021.11.12"]
[EventType "swiss"]
[EventRounds "7"]
[EventCountry "DEN"]

1. e4 c6 2. d4 d5 3. e5 Bf5 4. h4 h5 5. Bd3 Bxd3 6. Qxd3 Qa5+ 7. Nd2 e6 8. Ne2
Nd7 9. O-O c5 10. c3 Ne7 11. Nf3 Nf5 12. g3 Qb6 13. Kg2 Be7 14. Bg5 Bxg5 15.
Nxg5 O-O 16. Nf4 cxd4 17. Qe2 g6 18. Nxh5 d3 19. Qf3 Nxe5 20. Qf4 Nd7 21. g4 e5
22. Qh2 Nh6 23. Qg3 gxh5 0-1

[Event "GoAudit Open 2021"]
[Site "Copenhagen"]
[Date "2021.11.14"]
[Round "7"]
[White "Andersen, Soren Mikkel"]
[Black "Thorsbro, Peter"]
[Result "1/2-1/2"]
[WhiteElo "2127"]
[BlackElo "2179"]
[PlyCount "25"]
[EventDate "2021.11.12"]
[EventType "swiss"]
[EventRounds "7"]
[EventCountry "DEN"]

1. d4 d5 2. c4 e6 3. Nc3 a6 4. Nf3 dxc4 5. a4 Nc6 6. e3 Na5 7. Nd2 c5 8. Nxc4
cxd4 9. exd4 Nf6 10. Be2 Bb4 11. O-O Nxc4 12. Bxc4 Qa5 13. Qf3 1/2-1/2